Problems in heat and mass transfer
Պահպանված է:
| Հիմնական հեղինակներ: | , , |
|---|---|
| Ձևաչափ: | Գիրք |
| Լեզու: | անգլերեն |
| Հրապարակվել է: |
Londres
Edward Arnold
1974
|
| Խորագրեր: | |
| Ցուցիչներ: |
Ավելացրեք ցուցիչ
Չկան պիտակներ, Եղեք առաջինը, ով նշում է այս գրառումը!
|
MARC
| LEADER | 00000nam a2200000 a 4500 | ||
|---|---|---|---|
| 001 | UCU3669 | ||
| 003 | CL-VaPUC | ||
| 008 | 960510e19740000UK |||||||||||||||||eng|d | ||
| 082 | 0 | 4 | |a 536.2 |b BAC |2 21 |
| 100 | 0 | |a Backhurst, J. R |e author |9 360757 | |
| 700 | 0 | |a Harker, J. H |e author |9 360758 | |
| 700 | 0 | |a Porter, J. E |e author |9 360759 | |
| 245 | 1 | 0 | |a Problems in heat and mass transfer |
| 300 | |a 310 p | ||
| 942 | |c BK | ||
| 945 | |d 19960510 00:00:00 |a paguirre | ||
| 260 | |a Londres |b Edward Arnold |c 1974 | ||
| 650 | 0 | |a Transmisión de calor |9 259410 | |
| 650 | 0 | |a Calor específico |9 259409 | |
| 650 | 0 | |a Gases |9 260945 | |
| 650 | 0 | |a Termodinámica |9 259320 | |
| 583 | |a last modification |c 19960510 00:00:00 |k Rodrigo Vera | ||
| 999 | |c 247599 |d 247597 | ||
| 952 | |0 0 |1 0 |4 0 |6 536_200000000000000_BAC_1974 |7 0 |8 A |9 263614 |a BIBING |b BIBING |d 2019-11-19 |i 1656732 |o 536.2 BAC 1974 |p 1656732 |r 2025-01-20 |w 2019-11-19 |y BK |k EIQ | ||